Statistics for Marvel villains

Click here to take the quiz!

General Stats

  • This quiz has been taken 14 times
  • The average score is 6 of 12

Answer Stats

Hint Villain % Correct
Adopted brother of ThorLoki
100%
Has a gauntletThanos
93%
Giant robotUltron
71%
Has electric whipsWhiplash
64%
Has a robotic armWinter Soldier
43%
Has robot wingsVulture
36%
Is a planetEgo
36%
Black armor with a skull ( not the Punisher )Crossbones
36%
Wore a face maskRed Skull
29%
Has a large hammerRonan
29%
Named after a fruitMandarin
7%
Basically a copy of HulkAbombination
7%

Score Distribution

Percentile by Number Answered

Percent of People with Each Score

Your Score History

You have not taken this quiz